<?xml version="1.0" encoding="UTF-8"?>
<record
    xmlns:xsi="http://www.w3.org/2001/XMLSchema-instance"
    xsi:schemaLocation="http://www.loc.gov/MARC21/slim http://www.loc.gov/standards/marcxml/schema/MARC21slim.xsd"
    xmlns="http://www.loc.gov/MARC21/slim">

  <leader>01926nam a2200229 a 4500</leader>
  <controlfield tag="001">000022276</controlfield>
  <controlfield tag="005">20260409192348.0</controlfield>
  <controlfield tag="008">100921s1994    ht a          001 0 spa d</controlfield>
  <datafield tag="040" ind1=" " ind2=" ">
    <subfield code="a">DO-SdBNP</subfield>
    <subfield code="b">spa</subfield>
    <subfield code="c">BNPHU</subfield>
  </datafield>
  <datafield tag="082" ind1=" " ind2=" ">
    <subfield code="a">327.7294</subfield>
    <subfield code="b">P622h</subfield>
  </datafield>
  <datafield tag="100" ind1="1" ind2=" ">
    <subfield code="a">Pierre-Louis, Vincent Serge,</subfield>
    <subfield code="d">1959-</subfield>
    <subfield code="9">46025</subfield>
  </datafield>
  <datafield tag="245" ind1="1" ind2="0">
    <subfield code="a">Hait&#xED; :</subfield>
    <subfield code="b">protocolo estatal y servicio exterior /</subfield>
    <subfield code="c">Vincent Serge Pierre-Louis.</subfield>
  </datafield>
  <datafield tag="260" ind1=" " ind2=" ">
    <subfield code="a">Santo Domingo :</subfield>
    <subfield code="b">Nuevo Diario,</subfield>
    <subfield code="c">1994.</subfield>
  </datafield>
  <datafield tag="300" ind1=" " ind2=" ">
    <subfield code="a">86 p. :</subfield>
    <subfield code="b">il. ;</subfield>
    <subfield code="c">21 cm.</subfield>
  </datafield>
  <datafield tag="504" ind1=" " ind2=" ">
    <subfield code="a">Bibliograf&#xED;a : p. 83 -84</subfield>
  </datafield>
  <datafield tag="505" ind1="0" ind2=" ">
    <subfield code="a">Primera parte :</subfield>
    <subfield code="t">Protocolo estatal --</subfield>
    <subfield code="t">Agradecimientos --</subfield>
    <subfield code="t">Dedicatoria --</subfield>
    <subfield code="t">Pr&#xE9;ambulo --</subfield>
    <subfield code="t">Introducci&#xF3;n --</subfield>
    <subfield code="t">Aniversarios y fiestas nacionales de Hait&#xED; --</subfield>
    <subfield code="t">Condecoraciones --</subfield>
    <subfield code="t">Vestimenta --</subfield>
    <subfield code="t">Los salones del Palacio Nacional --</subfield>
    <subfield code="t">Conclusiones --</subfield>
    <subfield code="g">Segunda parte :</subfield>
    <subfield code="t">Servicio exterior --</subfield>
    <subfield code="t">Introducci&#xF3;n --</subfield>
    <subfield code="t">El cargo de embajador --</subfield>
    <subfield code="t">El cargo de c&#xF3;nsul --</subfield>
    <subfield code="t">Deberes del jefe de misi&#xF3;n --</subfield>
    <subfield code="t">Papel del agente diplom&#xE1;tico o consular --</subfield>
    <subfield code="t">Organizaci&#xF3;n de la misi&#xF3;n --</subfield>
    <subfield code="t">Correspondecia --</subfield>
    <subfield code="t">Mantenimiento de los archivo y conservaci&#xF3;n del material y del moniteur --</subfield>
    <subfield code="t">Correspondencia y archivos --</subfield>
    <subfield code="t">De los registros --</subfield>
    <subfield code="t">Del secreto de los documentos --</subfield>
    <subfield code="t">Biblioteca de la misi&#xF3;n --</subfield>
    <subfield code="t">Transcripci&#xF3;n de las actas --</subfield>
    <subfield code="t">Protecci&#xF3;n a los haitianos --</subfield>
    <subfield code="t">Deberes especiales del c&#xF3;nsul --</subfield>
    <subfield code="t">Relaciones del agente consular con la misi&#xF3;n diplom&#xE1;tica --</subfield>
    <subfield code="t">Formaci&#xF3;n acad&#xE9;mica de los diplom&#xE1;ticos haitianos --</subfield>
    <subfield code="t">El Ministerio de Planificaci&#xF3;n y Cooperaci&#xF3;n Externa --</subfield>
    <subfield code="t">El caso de la expulsi&#xF3;n de Cuba de la OEA --</subfield>
    <subfield code="t">Principales embajadas y consulados de Hait&#xED; --</subfield>
    <subfield code="t">Diplom&#xE1;ticos sobresalientes --</subfield>
    <subfield code="t">Papel de la mujer --</subfield>
    <subfield code="t">Ep&#xED;logo --</subfield>
    <subfield code="t">Glosario --</subfield>
    <subfield code="t">Bibliograf&#xED;a --</subfield>
    <subfield code="t">Bibliograf&#xED;a del autor.</subfield>
  </datafield>
  <datafield tag="590" ind1=" " ind2=" ">
    <subfield code="a">Inventariado, 2018/BT</subfield>
  </datafield>
  <datafield tag="651" ind1=" " ind2="4">
    <subfield code="a">Hait&#xED;</subfield>
    <subfield code="x">Relaciones Exteriores</subfield>
    <subfield code="9">46026</subfield>
  </datafield>
  <datafield tag="650" ind1=" " ind2="0">
    <subfield code="a">Diplomacia</subfield>
    <subfield code="9">398</subfield>
  </datafield>
  <datafield tag="651" ind1=" " ind2="4">
    <subfield code="a">D&#xED;as Festivos</subfield>
    <subfield code="z">Hait&#xED;</subfield>
    <subfield code="9">46027</subfield>
  </datafield>
  <datafield tag="910" ind1=" " ind2=" ">
    <subfield code="a">Validado. Control de calidad. MMOLINA</subfield>
  </datafield>
  <datafield tag="952" ind1=" " ind2=" ">
    <subfield code="0">0</subfield>
    <subfield code="1">0</subfield>
    <subfield code="5">0</subfield>
    <subfield code="7">1</subfield>
    <subfield code="8">MO</subfield>
    <subfield code="a">PD</subfield>
    <subfield code="b">PD</subfield>
    <subfield code="c">HD</subfield>
    <subfield code="d">2010-09-21</subfield>
    <subfield code="i">LF1</subfield>
    <subfield code="l">0</subfield>
    <subfield code="o">327.7294 P622h</subfield>
    <subfield code="p">22276-10</subfield>
    <subfield code="r">2020-06-25</subfield>
    <subfield code="w">2020-06-25</subfield>
    <subfield code="y">1</subfield>
    <subfield code="Z">No se presta</subfield>
  </datafield>
  <datafield tag="952" ind1=" " ind2=" ">
    <subfield code="0">0</subfield>
    <subfield code="1">0</subfield>
    <subfield code="5">0</subfield>
    <subfield code="7">1</subfield>
    <subfield code="8">MO</subfield>
    <subfield code="a">PD</subfield>
    <subfield code="b">PD</subfield>
    <subfield code="c">HD</subfield>
    <subfield code="d">2010-09-21</subfield>
    <subfield code="i">LF1</subfield>
    <subfield code="l">0</subfield>
    <subfield code="o">327.7294 P622h</subfield>
    <subfield code="p">22276-20</subfield>
    <subfield code="r">2020-06-25</subfield>
    <subfield code="t">e. 2</subfield>
    <subfield code="w">2020-06-25</subfield>
    <subfield code="y">1</subfield>
    <subfield code="Z">No se presta</subfield>
  </datafield>
  <datafield tag="999" ind1=" " ind2=" ">
    <subfield code="c">21774</subfield>
    <subfield code="d">21774</subfield>
  </datafield>
</record>
